000 01233nam a2200397 a 4500
003 AR-BaBNM
005 20251128210001.0
008 082120s2002 ||||||||||||||000 | spa||
040 _cAR-BaBNM
110 1 _aArgentina
_bMinisterio de Cultura y Educación
245 0 0 _aCiencias sociales
_n2
260 _aBuenos Aires
_bMinisterio de Cultura y Educación de la Nación
_c1996
300 _a292 p.
_bgráfs., tablas
490 0 _aFuentes para la transformación curricular
500 _aContiene referencias bibliográficas y nómina de especialistas consultados
650 4 _aFORMACION DE DOCENTES
650 4 _aENSEÑANZA DE LAS CIENCIAS SOCIALES
650 4 _aCURRICULO
650 4 _aSOCIOLOGIA
650 4 _aHISTORIA
650 4 _aGEOGRAFIA
650 4 _aECONOMIA
651 4 _aArgentina
653 _aCONTENIDOS BASICOS COMUNES
653 _aEDUCACION GENERAL BASICA
653 _aEDUCACION POLIMODAL
653 _aCONTENIDOS CURRICULARES
700 1 _aGarcía de Martín, Griselda
700 1 _aMartín, José Francisco
700 1 _aReboratti, Carlos E.
700 1 _aRomero, Luis Alberto
700 1 _aRubio, Alberto
700 1 _aSegreti, Carlos S.A.
942 _cBK
998 _carturo
999 _c13596
_d13596